书目信息 |
| 题名: |
公共卫生与护理实践
|
|
| 作者: | 阎永芳 主编 | |
| 分册: | ||
| 出版信息: | 长春 吉林科学技术出版社 2024.06 |
|
| 页数: | 364页 | |
| 开本: | 26cm | |
| 丛书名: | ||
| 单 册: | ||
| 中图分类: | R126.4 , R47 | |
| 科图分类: | ||
| 主题词: | 公共卫生--gong gong wei sheng--卫生管理 , 护理学--hu li xue | |
| 电子资源: | ||
| ISBN: | 978-7-5744-1519-5 | |
| 000 | 01129nam0 2200277 450 | |
| 001 | 91269 | |
| 005 | 20250816194104.12 | |
| 010 | @a978-7-5744-1519-5@dCNY98.00 | |
| 100 | @a20250523d2024 em y0chiy50 ea | |
| 101 | 0 | @achi |
| 102 | @aCN@b220000 | |
| 105 | @ak a 000yy | |
| 106 | @ar | |
| 200 | 1 | @a公共卫生与护理实践@Agong gong wei sheng yu hu li shi jian@f阎永芳 ... [等] 主编 |
| 210 | @a长春@c吉林科学技术出版社@d2024.06 | |
| 215 | @a364页@d26cm | |
| 304 | @a题名页题其余责任者: 张淑红, 陈颖, 王琳琳, 徐倩, 孙铭丽 | |
| 320 | @a有书目 (第362-364页) | |
| 330 | @a本书主要研究公共卫生与护理实践, 全面论述了公共卫生的概念、公共卫生项目管理, 着重介绍了社区公共卫生服务管理、公共场所卫生与健康、公共卫生政策与管理、公共卫生健康教育, 并具体阐述了社区健康护理、社区家庭健康护理、社区老年人健康管理、社区妇女儿童健康管理、社区康复护理、社区传染病的预防与管理的相关内容。 | |
| 606 | 0 | @a公共卫生@Agong gong wei sheng@x卫生管理 |
| 606 | 0 | @a护理学@Ahu li xue |
| 690 | @aR126.4@v5 | |
| 690 | @aR47@v5 | |
| 701 | 0 | @a阎永芳@Ayan yong fang@4主编 |
| 801 | 0 | @aCN@c20250909 |
| 905 | @a河南城建学院图书馆@dR126.4@eY100@f1 | |
| 公共卫生与护理实践/阎永芳 ... [等] 主编.-长春:吉林科学技术出版社,2024.06 |
| 364页;26cm |
| ISBN 978-7-5744-1519-5:CNY98.00 |
| 本书主要研究公共卫生与护理实践, 全面论述了公共卫生的概念、公共卫生项目管理, 着重介绍了社区公共卫生服务管理、公共场所卫生与健康、公共卫生政策与管理、公共卫生健康教育, 并具体阐述了社区健康护理、社区家庭健康护理、社区老年人健康管理、社区妇女儿童健康管理、社区康复护理、社区传染病的预防与管理的相关内容。 |
| ● |
| 相关链接 |
|
|
|
正题名:公共卫生与护理实践
索取号:R126.4/Y100
 
预约/预借
| 序号 | 登录号 | 条形码 | 馆藏地/架位号 | 状态 | 备注 |
| 1 | 1625231 | 216252310 | 自科库401/ [索取号:R126.4/Y100] | 在馆 |